Digital electronics / (Record no. 11992)

000 -LEADER
fixed length control field 00388nam a2200133 4500
008 - FIXED-LENGTH DATA ELEMENTS--GENERAL INFORMATION
fixed length control field 210115b ||||| |||| 00| 0 eng d
082 00 - DEWEY DECIMAL CLASSIFICATION NUMBER
Classification number 621.3815
Item number T6464
100 ## - MAIN ENTRY--PERSONAL NAME
9 (RLIN) 2952
Personal name Tokheim, Roger L.
245 10 - TITLE STATEMENT
Title Digital electronics /
260 ## - PUBLICATION, DISTRIBUTION, ETC. (IMPRINT)
Place of publication, distribution, etc New York:
Name of publisher, distributor, etc Macmillan,
Date of publication, distribution, etc 1994.
300 ## - PHYSICAL DESCRIPTION
Extent XI, 345 p.
650 #0 - SUBJECT ADDED ENTRY--TOPICAL TERM
Topical term or geographic name as entry element Digital Electronics
942 ## - ADDED ENTRY ELEMENTS (KOHA)
Source of classification or shelving scheme
Item type Books
Holdings
Withdrawn status Lost status Source of classification or shelving scheme Damaged status Not for loan Permanent location Current location Date acquired Full call number Barcode Date last seen Koha item type
          IMU Kolkata IMU Kolkata 2021-01-15 621.3815 T6464 08497 2021-01-15 Books
Designed and Maintained by IMU-KC Library, Kolkata Campus © Copyright All Rights Reserved

webs counters

Powered by Koha